00661nam a2200217Ia 4500008004000000020001500040041000800055082001600063100002100079245002500100260004700125300001400172650000900186650001000195650000900205650000900214690002200223906001100245999001900256952016800275210210b2015 xxu||||| |||| 00| 0 eng d a8172541244 aeng a032.02 SUBS aSUBBURAJ (V V K) aSuras year book 2015 aChennaibSura College of Competitionc2015 aviii,1064 ayear aSuras abook a2015 aGeneral Knowledge a069091 c153192d153192 001040708GeneralaALbALcGeneral Studiesd2021-02-17eBiblios Book Point, Surathkal-575014g280.00l0o032.02 SUBSp069091r2021-02-17 00:00:00w2021-02-17yBK